La hermenéutica del sujeto

Guardat en:
Dades bibliogràfiques
Autor principal: Foucault, Michel (Autor)
Format: Llibre
Idioma:espanyol
Publicat: Ciudad de México Fondo de Cultura Económica 2001
Edició:1a. ed
Col·lecció:Sección de Obras de Sociología
Matèries:
Etiquetes: Afegir etiqueta
Sense etiquetes, Sigues el primer a etiquetar aquest registre!

MARC

LEADER 00000nam a2200000 a 4500
001 UCI9320
003 CL-VaPUC
008 081113e20010000MX |||||||||||||||||spa|d
020 |a 9505574959 
082 0 4 |a 121.686  |b FOU  |2 21 
100 |a Foucault, Michel  |e author  |9 257945 
245 1 3 |a La hermenéutica del sujeto 
250 |a 1a. ed 
300 |a 539 p 
942 |c BK 
945 |d 20081113 00:00:00  |a rbrito 
260 |a Ciudad de México  |b Fondo de Cultura Económica  |c 2001 
650 0 |a Hermenéutica  |9 269473 
650 0 |a Filosofía   |9 223554 
583 |a last modification  |c 20081113 00:00:00  |k Rodrigo Vera 
490 0 |a Sección de Obras de Sociología 
999 |c 331882  |d 331880 
952 |0 0  |1 0  |4 0  |6 121_686000000000000_FOU_2001  |7 0  |8 A  |9 419087  |a BIBCUR  |b BIBCUR  |d 2019-11-22  |i 4496280  |l 2  |m 2  |o 121.686 FOU 2001  |p 4496280  |r 2025-04-22  |s 2023-05-31  |w 2019-11-22  |y BK  |k MGC